Cargando...

നഗരത്തിൽ /

Detalles Bibliográficos
Autor Principal: ബാലാമണിയമ്മ 1909-
Formato: Printed Book
Idioma:Malayalam
Publicado: കോഴിക്കോട് : മാതൃഭൂമി ബുക്‌സ് , 1968.
Subjects:
LEADER 00938nam a2200181Ia 4500
008 111205s1968 ii 000 p mal d
041 |a mal 
082 |a 851.846 
100 0 |a ബാലാമണിയമ്മ   |9 1579413  |d 1909- 
245 |a നഗരത്തിൽ /  |c ബാലാമണിയമ്മ  
260 |b  മാതൃഭൂമി ബുക്‌സ് ,  |a  കോഴിക്കോട് :  |c 1968. 
300 |a 0 
650 7 |2 fast  |9 1069289  |a Malayalam poetry 
942 |c BK 
999 |c 215496  |d 215496 
952 |0 0  |1 0  |2 ddc  |4 0  |6 851_846000000000000_NAG  |7 0  |9 238245  |a MAL  |b MAL  |c ST1  |d 2011-12-05  |g 1.00  |l 0  |o 851.846 NAG  |p MAL2964  |r 2011-12-05  |v 1.00  |w 2011-12-05  |y BK 
952 |0 0  |1 0  |2 ddc  |4 0  |6 851_846000000000000_NAG  |7 0  |9 238246  |a MAL  |b MAL  |c ST1  |d 2011-12-05  |g 1.00  |l 0  |o 851.846 NAG  |p MAL3151  |r 2011-12-05  |v 1.00  |w 2011-12-05  |y BK 
952 |0 0  |1 0  |2 ddc  |4 0  |6 S_5R4  |7 0  |9 238247  |a MAL  |b MAL  |c SEC  |d 2011-12-05  |g 1.00  |l 0  |o S5R4  |p MAL365  |r 2011-12-05  |v 1.00  |w 2011-12-05  |y BK